[Event "Blitz 2018"]
[Site "Saint-Petersburg"]
[Date "2018.12.30"]
[Round "13"]
[Board "18"]
[White "Vitiugov Nikita (RUS)"]
[Black "Jakovenko Dmitry (RUS)"]
[Result "0-1"]
[LiveChessVersion "1.4.8"]
[BlackElo "2616"]
[WhiteElo "2696"]

1. Nf3 {[%clk 0:03:02]} Nf6 {[%clk 0:03:03]} 2. g3 {[%clk 0:03:03]} d5
{[%clk 0:03:03]} 3. Bg2 {[%clk 0:03:03]} c6 {[%clk 0:03:03]} 4. O-O
{[%clk 0:03:03]} Bg4 {[%clk 0:03:04]} 5. d3 {[%clk 0:03:01]} Nbd7
{[%clk 0:03:04]} 6. c4 {[%clk 0:02:57]} dxc4 {[%clk 0:02:54]} 7. dxc4
{[%clk 0:02:58]} e6 {[%clk 0:02:50]} 8. Nc3 {[%clk 0:02:53]} Qa5 {[%clk 0:02:51]}
9. h3 {[%clk 0:02:42]} Bxf3 {[%clk 0:02:51]} 10. exf3 {[%clk 0:02:32]} Nb6
{[%clk 0:02:44]} 11. f4 {[%clk 0:02:10]} Bb4 {[%clk 0:02:34]} 12. Ne2
{[%clk 0:01:48]} Nxc4 {[%clk 0:02:22]} 13. Qc2 {[%clk 0:01:46]} Nb6
{[%clk 0:02:18]} 14. a3 {[%clk 0:01:41]} O-O {[%clk 0:01:55]} 15. Be3
{[%clk 0:01:29]} Be7 {[%clk 0:01:55]} 16. b4 {[%clk 0:01:28]} Qf5
{[%clk 0:01:48]} 17. Qb3 {[%clk 0:01:13]} Rad8 {[%clk 0:01:28]} 18. Rad1
{[%clk 0:01:09]} Rxd1 {[%clk 0:01:27]} 19. Rxd1 {[%clk 0:01:09]} Rd8
{[%clk 0:01:28]} 20. Rxd8+ {[%clk 0:01:02]} Bxd8 {[%clk 0:01:29]} 21. a4
{[%clk 0:01:01]} Nfd5 {[%clk 0:00:57]} 22. a5 {[%clk 0:00:50]} Nc8
{[%clk 0:00:54]} 23. Bd4 {[%clk 0:00:47]} a6 {[%clk 0:00:47]} 24. g4
{[%clk 0:00:43]} Qg6 {[%clk 0:00:48]} 25. Be5 {[%clk 0:00:34]} f6
{[%clk 0:00:46]} 26. Bd4 {[%clk 0:00:33]} Qf7 {[%clk 0:00:45]} 27. Bc5
{[%clk 0:00:30]} Be7 {[%clk 0:00:41]} 28. Qc4 {[%clk 0:00:30]} Bxc5
{[%clk 0:00:41]} 29. bxc5 {[%clk 0:00:31]} Na7 {[%clk 0:00:40]} 30. Ng3
{[%clk 0:00:29]} Nb5 {[%clk 0:00:41]} 31. f5 {[%clk 0:00:29]} e5 {[%clk 0:00:38]}
32. Ne4 {[%clk 0:00:27]} Nf4 {[%clk 0:00:37]} 33. Qc2 {[%clk 0:00:24]} Nxg2
{[%clk 0:00:35]} 34. Kxg2 {[%clk 0:00:25]} Qd5 {[%clk 0:00:36]} 35. f3
{[%clk 0:00:24]} h6 {[%clk 0:00:36]} 36. h4 {[%clk 0:00:20]} Kf8 {[%clk 0:00:33]}
37. Kg3 {[%clk 0:00:20]} Ke7 {[%clk 0:00:34]} 38. g5 {[%clk 0:00:18]} hxg5
{[%clk 0:00:34]} 39. hxg5 {[%clk 0:00:19]} Nd4 {[%clk 0:00:35]} 40. Qb2
{[%clk 0:00:13]} Qb3 {[%clk 0:00:36]} 41. Qh2 {[%clk 0:00:10]} Nxf5+
{[%clk 0:00:36]} 42. Kg4 {[%clk 0:00:11]} Ne3+ {[%clk 0:00:37]} 43. Kh5
{[%clk 0:00:11]} Qf7+ {[%clk 0:00:37]} 44. g6 {[%clk 0:00:12]} Qe6
{[%clk 0:00:37]} 45. Qd2 {[%clk 0:00:10]} Qf5+ {[%clk 0:00:37]} 46. Kh4
{[%clk 0:00:12]} Qf4+ {[%clk 0:00:38]} 47. Kh3 {[%clk 0:00:11]} Qxf3+
{[%clk 0:00:38]} 48. Ng3 {[%clk 0:00:12]} Qg4+ {[%clk 0:00:39]} 49. Kh2
{[%clk 0:00:13]} Qh4+ {[%clk 0:00:40]} 0-1

[Event "Blitz 2018"]
[Site "Saint-Petersburg"]
[Date "2018.12.30"]
[Round "13"]
[Board "19"]
[White "Yakubboev Nodirbek (UZB)"]
[Black "Inarkiev Ernesto (RUS)"]
[Result "0-1"]
[LiveChessVersion "1.4.8"]
[BlackElo "2674"]
[WhiteElo "2388"]

1. d4 {[%clk 0:03:02]} d5 {[%clk 0:03:03]} 2. Nf3 {[%clk 0:03:01]} e6
{[%clk 0:03:04]} 3. c4 {[%clk 0:03:00]} dxc4 {[%clk 0:03:04]} 4. e3
{[%clk 0:02:49]} c5 {[%clk 0:03:05]} 5. Bxc4 {[%clk 0:02:43]} Nc6
{[%clk 0:03:07]} 6. dxc5 {[%clk 0:02:17]} Qxd1+ {[%clk 0:03:01]} 7. Kxd1
{[%clk 0:02:18]} Bxc5 {[%clk 0:03:01]} 8. a3 {[%clk 0:02:01]} b6 {[%clk 0:02:27]}
9. b4 {[%clk 0:01:39]} Be7 {[%clk 0:02:29]} 10. Bb2 {[%clk 0:01:40]} Bf6
{[%clk 0:02:30]} 11. Bxf6 {[%clk 0:01:16]} Nxf6 {[%clk 0:02:31]} 12. Nc3
{[%clk 0:01:12]} Bb7 {[%clk 0:02:32]} 13. Rc1 {[%clk 0:01:07]} Ke7
{[%clk 0:02:32]} 14. Ke2 {[%clk 0:00:59]} Rac8 {[%clk 0:02:33]} 15. Bd3
{[%clk 0:00:51]} Nd7 {[%clk 0:02:34]} 16. Rhd1 {[%clk 0:00:36]} f5
{[%clk 0:02:29]} 17. Nb5 {[%clk 0:00:28]} Rhd8 {[%clk 0:02:14]} 18. g3
{[%clk 0:00:15]} Nce5 {[%clk 0:02:08]} 19. Nxe5 {[%clk 0:00:13]} Nxe5
{[%clk 0:02:10]} 20. Nd4 {[%clk 0:00:13]} Nxd3 {[%clk 0:02:01]} 21. Rxc8
{[%clk 0:00:13]} Rxc8 {[%clk 0:01:23]} 22. Rxd3 {[%clk 0:00:10]} Be4
{[%clk 0:01:18]} 23. Rd2 {[%clk 0:00:11]} g6 {[%clk 0:01:07]} 24. f3 Bd5 25. f4
{[%clk 0:00:05]} Rc3 {[%clk 0:01:08]} 26. a4 {[%clk 0:00:07]} Ra3
{[%clk 0:01:06]} 27. Rc2 {[%clk 0:00:08]} Kd8 {[%clk 0:00:57]} 28. Nc6+
{[%clk 0:00:06]} Bxc6 {[%clk 0:00:57]} 29. Rxc6 {[%clk 0:00:06]} Kd7
{[%clk 0:00:58]} 30. Rc4 {[%clk 0:00:07]} Rxa4 {[%clk 0:01:00]} 31. Rd4+
{[%clk 0:00:08]} Ke7 {[%clk 0:00:52]} 32. Rc4 {[%clk 0:00:10]} a5
{[%clk 0:00:48]} 33. Rc7+ {[%clk 0:00:10]} Kd6 {[%clk 0:00:50]} 34. Rxh7
{[%clk 0:00:11]} Rxb4 {[%clk 0:00:51]} 35. Kd3 {[%clk 0:00:12]} a4
{[%clk 0:00:51]} 36. Kc2 {[%clk 0:00:09]} Rb3 {[%clk 0:00:51]} 37. Rg7
{[%clk 0:00:09]} b5 {[%clk 0:00:50]} 38. Rxg6 {[%clk 0:00:09]} Rxe3
{[%clk 0:00:51]} 39. h4 {[%clk 0:00:10]} b4 {[%clk 0:00:50]} 40. Rg8
{[%clk 0:00:10]} a3 {[%clk 0:00:48]} 41. Rb8 {[%clk 0:00:08]} Re2+
{[%clk 0:00:43]} 42. Kb1 {[%clk 0:00:08]} Kc5 {[%clk 0:00:43]} 43. h5
{[%clk 0:00:09]} Kc4 {[%clk 0:00:45]} 44. Rc8+ {[%clk 0:00:09]} Kb3
{[%clk 0:00:46]} 45. Rc1 {[%clk 0:00:08]} Rh2 {[%clk 0:00:45]} 46. Re1
{[%clk 0:00:09]} Rxh5 {[%clk 0:00:46]} 47. Re3+ {[%clk 0:00:10]} Ka4
{[%clk 0:00:47]} 48. Rxe6 {[%clk 0:00:11]} Rh1+ {[%clk 0:00:48]} 49. Kc2
{[%clk 0:00:13]} b3+ {[%clk 0:00:45]} 50. Kc3 {[%clk 0:00:14]} Rc1+
{[%clk 0:00:46]} 51. Kd2 {[%clk 0:00:15]} b2 {[%clk 0:00:47]} 0-1

[Event "Blitz 2018"]
[Site "Saint-Petersburg"]
[Date "2018.12.30"]
[Round "13"]
[Board "20"]
[White "Indjic Aleksandar (SRB)"]
[Black "Hovhannisyan Robert (ARM)"]
[Result "1-0"]
[LiveChessVersion "1.4.8"]
[BlackElo "2588"]
[WhiteElo "2643"]

1. d4 {[%clk 0:03:01]} d5 {[%clk 0:03:03]} 2. c4 {[%clk 0:03:01]} c6
{[%clk 0:03:04]} 3. Nf3 {[%clk 0:03:00]} Nf6 {[%clk 0:03:05]} 4. Nc3
{[%clk 0:03:01]} e6 {[%clk 0:03:06]} 5. Bg5 {[%clk 0:03:00]} h6 {[%clk 0:03:06]}
6. Bxf6 {[%clk 0:02:59]} Qxf6 {[%clk 0:03:06]} 7. Qb3 {[%clk 0:03:00]} Qe7
{[%clk 0:03:02]} 8. a3 {[%clk 0:03:01]} g6 {[%clk 0:02:56]} 9. e4
{[%clk 0:03:01]} Bg7 {[%clk 0:02:54]} 10. Be2 {[%clk 0:02:58]} dxc4
{[%clk 0:02:41]} 11. Qxc4 {[%clk 0:02:57]} O-O {[%clk 0:02:39]} 12. O-O
{[%clk 0:02:56]} Rd8 {[%clk 0:02:32]} 13. Rfd1 {[%clk 0:02:52]} b6
{[%clk 0:02:26]} 14. Qb3 {[%clk 0:02:32]} Bb7 {[%clk 0:02:24]} 15. Bf1
{[%clk 0:01:37]} Nd7 {[%clk 0:02:21]} 16. a4 {[%clk 0:01:38]} c5 {[%clk 0:02:02]}
17. d5 {[%clk 0:01:38]} Ne5 {[%clk 0:02:01]} 18. Nxe5 {[%clk 0:01:14]} Bxe5
{[%clk 0:02:02]} 19. dxe6 {[%clk 0:01:14]} Qxe6 {[%clk 0:01:56]} 20. Bc4
{[%clk 0:01:13]} Qf6 {[%clk 0:01:39]} 21. Bd5 {[%clk 0:01:00]} Bxd5
{[%clk 0:01:27]} 22. Nxd5 {[%clk 0:01:00]} Qh4 {[%clk 0:01:19]} 23. f4
{[%clk 0:01:01]} Bd4+ {[%clk 0:00:44]} 24. Kh1 {[%clk 0:00:52]} Re8
{[%clk 0:00:41]} 25. e5 {[%clk 0:00:36]} Kg7 {[%clk 0:00:34]} 26. g3
{[%clk 0:00:31]} Qh3 {[%clk 0:00:30]} 27. Nc7 {[%clk 0:00:24]} Qd7
{[%clk 0:00:16]} 28. Nxe8+ {[%clk 0:00:24]} Rxe8 {[%clk 0:00:17]} 29. Qf3
{[%clk 0:00:23]} Qf5 {[%clk 0:00:16]} 30. Qg2 {[%clk 0:00:20]} h5
{[%clk 0:00:15]} 31. h4 {[%clk 0:00:20]} Qe6 {[%clk 0:00:05]} 32. Kh2
{[%clk 0:00:17]} Qb3 {[%clk 0:00:06]} 33. a5 {[%clk 0:00:16]} b5 {[%clk 0:00:06]}
34. Rd2 {[%clk 0:00:17]} b4 {[%clk 0:00:06]} 35. a6 {[%clk 0:00:16]} Qe6
{[%clk 0:00:07]} 36. Qb7 {[%clk 0:00:13]} Re7 {[%clk 0:00:08]} 37. Qf3
{[%clk 0:00:14]} Rc7 {[%clk 0:00:07]} 38. Rc1 {[%clk 0:00:14]} Re7
{[%clk 0:00:08]} 39. Qd3 {[%clk 0:00:15]} Qb6 {[%clk 0:00:06]} 40. b3
{[%clk 0:00:16]} Qe6 {[%clk 0:00:06]} 41. Qc4 {[%clk 0:00:15]} Qf5
{[%clk 0:00:07]} 42. Rcd1 {[%clk 0:00:16]} Qg4 {[%clk 0:00:04]} 43. Qe2
{[%clk 0:00:17]} Qe6 {[%clk 0:00:05]} 44. Qd3 {[%clk 0:00:17]} Re8
{[%clk 0:00:06]} 45. Qc4 {[%clk 0:00:18]} Qxc4 46. bxc4 {[%clk 0:00:19]} Re6
{[%clk 0:00:07]} 47. Ra2 {[%clk 0:00:16]} b3 {[%clk 0:00:09]} 48. Ra3
{[%clk 0:00:17]} b2 {[%clk 0:00:10]} 49. Rb1 {[%clk 0:00:18]} Rb6
{[%clk 0:00:11]} 50. Ra5 {[%clk 0:00:13]} Kf8 {[%clk 0:00:11]} 51. Kg2
{[%clk 0:00:14]} Ke7 {[%clk 0:00:10]} 52. Rb5 {[%clk 0:00:13]} Rxa6
{[%clk 0:00:11]} 53. R1xb2 {[%clk 0:00:10]} Bxb2 {[%clk 0:00:12]} 54. Rxb2
{[%clk 0:00:11]} Ra4 {[%clk 0:00:12]} 55. Kf3 {[%clk 0:00:11]} Ke6
{[%clk 0:00:14]} 56. Rd2 {[%clk 0:00:12]} Rxc4 {[%clk 0:00:11]} 57. Rd6+
{[%clk 0:00:13]} Ke7 {[%clk 0:00:12]} 58. Ra6 {[%clk 0:00:14]} Rc3+
{[%clk 0:00:13]} 59. Kf2 {[%clk 0:00:15]} c4 {[%clk 0:00:14]} 60. Rxa7+
{[%clk 0:00:16]} Ke6 {[%clk 0:00:15]} 61. Ra6+ {[%clk 0:00:17]} Kd5
{[%clk 0:00:10]} 62. Rf6 {[%clk 0:00:12]} Ke4 {[%clk 0:00:10]} 63. Rxf7
{[%clk 0:00:14]} Rc2+ {[%clk 0:00:11]} 64. Ke1 {[%clk 0:00:15]} c3
{[%clk 0:00:12]} 65. Kd1 {[%clk 0:00:14]} Ra2 {[%clk 0:00:07]} 66. Rd7
{[%clk 0:00:13]} Kf3 {[%clk 0:00:05]} 67. Rd3+ {[%clk 0:00:12]} Kg4
{[%clk 0:00:04]} 68. Rxc3 {[%clk 0:00:13]} Rb2 {[%clk 0:00:04]} 69. Ke1
{[%clk 0:00:13]} Kf5 {[%clk 0:00:04]} 70. Rc6 {[%clk 0:00:14]} Ra2
{[%clk 0:00:05]} 71. Rf6+ {[%clk 0:00:15]} Ke4 {[%clk 0:00:06]} 72. Rxg6
{[%clk 0:00:14]} Ke3 {[%clk 0:00:07]} 73. Kd1 {[%clk 0:00:15]} Rd2+
{[%clk 0:00:07]} 74. Kc1 {[%clk 0:00:16]} Re2 {[%clk 0:00:08]} 75. e6
{[%clk 0:00:16]} Kd3 {[%clk 0:00:09]} 76. f5 {[%clk 0:00:16]} Rc2+
{[%clk 0:00:08]} 77. Kb1 {[%clk 0:00:17]} Re2 {[%clk 0:00:09]} 78. Rg8
{[%clk 0:00:17]} Kc3 {[%clk 0:00:06]} 79. Rc8+ {[%clk 0:00:18]} Kb3
{[%clk 0:00:05]} 80. Rb8+ {[%clk 0:00:19]} Kc3 {[%clk 0:00:06]} 81. f6
{[%clk 0:00:18]} Re1+ {[%clk 0:00:07]} 82. Ka2 {[%clk 0:00:20]} Re2+
{[%clk 0:00:08]} 83. Ka3 {[%clk 0:00:21]} Rxe6 {[%clk 0:00:03]} 84. Rc8+
{[%clk 0:00:22]} 1-0

[Event "Blitz 2018"]
[Site "Saint-Petersburg"]
[Date "2018.12.30"]
[Round "13"]
[Board "21"]
[White "Mamedov Rauf (AZE)"]
[Black "Ghaem Maghami Ehsan (IRI)"]
[Result "1-0"]
[LiveChessVersion "1.4.8"]
[BlackElo "2582"]
[WhiteElo "2741"]

1. e4 {[%clk 0:03:03]} c5 {[%clk 0:03:01]} 2. Nf3 {[%clk 0:03:04]} e6
{[%clk 0:03:00]} 3. d4 {[%clk 0:03:01]} cxd4 {[%clk 0:03:00]} 4. Nxd4
{[%clk 0:03:02]} a6 {[%clk 0:03:02]} 5. Nc3 {[%clk 0:02:58]} b5 {[%clk 0:03:03]}
6. Bd3 {[%clk 0:02:55]} Bb7 {[%clk 0:03:04]} 7. O-O {[%clk 0:02:55]} Qb6
{[%clk 0:03:04]} 8. Nf3 {[%clk 0:02:45]} Qc7 {[%clk 0:03:01]} 9. Re1
{[%clk 0:02:43]} Bc5 {[%clk 0:02:52]} 10. Qd2 {[%clk 0:02:44]} Be7
{[%clk 0:02:10]} 11. b4 {[%clk 0:02:44]} Nc6 {[%clk 0:01:55]} 12. a3
{[%clk 0:01:44]} Nf6 {[%clk 0:01:34]} 13. Bb2 {[%clk 0:01:38]} d6
{[%clk 0:01:29]} 14. a4 {[%clk 0:00:52]} O-O {[%clk 0:00:33]} 15. axb5
{[%clk 0:00:36]} Nxb4 {[%clk 0:00:31]} 16. Bf1 {[%clk 0:00:34]} a5
{[%clk 0:00:26]} 17. Rac1 {[%clk 0:00:26]} Rfd8 {[%clk 0:00:15]} 18. Nd4
{[%clk 0:00:17]} d5 {[%clk 0:00:14]} 19. e5 {[%clk 0:00:16]} Ne4 {[%clk 0:00:15]}
20. Nxe4 {[%clk 0:00:08]} dxe4 {[%clk 0:00:16]} 21. c3 {[%clk 0:00:10]} Nd3
{[%clk 0:00:08]} 22. Bxd3 {[%clk 0:00:10]} exd3 {[%clk 0:00:09]} 23. Qxd3
{[%clk 0:00:10]} a4 {[%clk 0:00:09]} 24. Ba1 {[%clk 0:00:09]} Bc5
{[%clk 0:00:07]} 25. Qg3 {[%clk 0:00:06]} Qb6 {[%clk 0:00:07]} 26. h4
{[%clk 0:00:06]} Rac8 {[%clk 0:00:05]} 27. h5 h6 28. Rb1 {[%clk 0:00:07]} a3
{[%clk 0:00:07]} 29. Nb3 {[%clk 0:00:07]} Be7 {[%clk 0:00:07]} 30. Nd4
{[%clk 0:00:09]} Bd5 {[%clk 0:00:08]} 31. Rbd1 {[%clk 0:00:06]} a2
{[%clk 0:00:08]} 32. Bb2 {[%clk 0:00:05]} Ra8 {[%clk 0:00:09]} 33. Ra1
{[%clk 0:00:07]} Rdc8 {[%clk 0:00:10]} 34. Bc1 {[%clk 0:00:08]} Kh8
{[%clk 0:00:10]} 35. Be3 {[%clk 0:00:09]} Qb7 {[%clk 0:00:11]} 36. Qf4
{[%clk 0:00:09]} Bc5 {[%clk 0:00:10]} 37. Nc2 {[%clk 0:00:09]} Bf8
{[%clk 0:00:11]} 38. Qg4 {[%clk 0:00:08]} Qxb5 {[%clk 0:00:11]} 39. Nd4
{[%clk 0:00:08]} Qc4 {[%clk 0:00:11]} 40. Qf4 {[%clk 0:00:09]} Rc7
{[%clk 0:00:11]} 41. Rec1 {[%clk 0:00:08]} Rb8 {[%clk 0:00:11]} 42. Qh4
{[%clk 0:00:08]} Qd3 {[%clk 0:00:10]} 43. Nf3 {[%clk 0:00:05]} Rb1
{[%clk 0:00:09]} 44. Qa4 {[%clk 0:00:06]} Rc8 {[%clk 0:00:09]} 45. Ne1
{[%clk 0:00:06]} Qf5 {[%clk 0:00:08]} 46. g4 {[%clk 0:00:05]} Qxe5
{[%clk 0:00:08]} 47. Raxb1 {[%clk 0:00:05]} axb1=Q {[%clk 0:00:09]} 48. Rxb1
{[%clk 0:01:04]} Bd6 {[%clk 0:00:09]} 49. Rd1 {[%clk 0:00:33]} Qh2+
{[%clk 0:00:08]} 50. Kf1 {[%clk 0:00:35]} Bc4+ {[%clk 0:00:07]} 51. Nd3
{[%clk 0:00:36]} Qh3+ {[%clk 0:00:04]} 52. Ke1 {[%clk 0:00:38]} Qxg4
{[%clk 0:00:04]} 53. Qd7 {[%clk 0:00:38]} Rg8 {[%clk 0:00:03]} 54. Qxd6
{[%clk 0:00:39]} Qxh5 {[%clk 0:00:04]} 55. Qd4 {[%clk 0:00:37]} Qb5
{[%clk 0:00:04]} 56. Ne5 {[%clk 0:00:38]} Bf1 {[%clk 0:00:03]} 57. c4
{[%clk 0:00:37]} Qa4 {[%clk 0:00:04]} 58. Kxf1 {[%clk 0:00:37]} f6
{[%clk 0:00:04]} 59. Nf7+ {[%clk 0:00:24]} Kh7 {[%clk 0:00:06]} 60. c5
{[%clk 0:00:24]} Qa7 {[%clk 0:00:06]} 61. Nd6 {[%clk 0:00:24]} Qa8
{[%clk 0:00:06]} 62. Qe4+ {[%clk 0:00:25]} Qxe4 {[%clk 0:00:07]} 63. Nxe4 1-0

[Event "Blitz 2018"]
[Site "Saint-Petersburg"]
[Date "2018.12.30"]
[Round "13"]
[Board "22"]
[White "Sjugirov Sanan (RUS)"]
[Black "Oparin Grigoriy (RUS)"]
[Result "1-0"]
[LiveChessVersion "1.4.8"]
[BlackElo "2641"]
[WhiteElo "2748"]

1. Nf3 {[%clk 0:03:02]} Nf6 {[%clk 0:03:03]} 2. c4 {[%clk 0:03:03]} e6
{[%clk 0:03:03]} 3. g3 {[%clk 0:03:04]} b6 {[%clk 0:03:04]} 4. Bg2
{[%clk 0:03:04]} Bb7 {[%clk 0:03:05]} 5. O-O {[%clk 0:03:03]} Be7
{[%clk 0:03:04]} 6. Nc3 {[%clk 0:02:57]} O-O {[%clk 0:02:54]} 7. d3
{[%clk 0:02:49]} d5 {[%clk 0:02:51]} 8. cxd5 {[%clk 0:02:43]} Nxd5
{[%clk 0:02:49]} 9. Nxd5 {[%clk 0:02:24]} Bxd5 {[%clk 0:02:49]} 10. e4
{[%clk 0:02:11]} Bb7 {[%clk 0:02:49]} 11. Re1 {[%clk 0:02:11]} c5
{[%clk 0:02:49]} 12. d4 {[%clk 0:02:09]} cxd4 {[%clk 0:02:39]} 13. Nxd4
{[%clk 0:01:53]} Nc6 {[%clk 0:02:39]} 14. Nxc6 {[%clk 0:01:39]} Bxc6
{[%clk 0:02:39]} 15. Be3 {[%clk 0:01:40]} Rc8 {[%clk 0:02:36]} 16. Rc1
{[%clk 0:01:34]} h6 {[%clk 0:02:25]} 17. Qg4 {[%clk 0:01:33]} Kh7
{[%clk 0:01:20]} 18. Red1 {[%clk 0:01:34]} Qe8 {[%clk 0:01:18]} 19. Bd4
{[%clk 0:01:28]} Rg8 {[%clk 0:01:19]} 20. h4 {[%clk 0:01:25]} Bb7
{[%clk 0:01:09]} 21. Bc3 {[%clk 0:01:08]} Rd8 {[%clk 0:00:33]} 22. Rxd8
{[%clk 0:01:08]} Qxd8 {[%clk 0:00:33]} 23. Rd1 {[%clk 0:01:08]} Qc7
{[%clk 0:00:34]} 24. Bf1 {[%clk 0:00:33]} Bf6 {[%clk 0:00:28]} 25. Bxf6
{[%clk 0:00:19]} gxf6 {[%clk 0:00:29]} 26. Qe2 {[%clk 0:00:20]} Rd8
{[%clk 0:00:27]} 27. Bg2 {[%clk 0:00:15]} Kg7 {[%clk 0:00:21]} 28. Qg4+
{[%clk 0:00:14]} Kh7 {[%clk 0:00:21]} 29. Rxd8 {[%clk 0:00:10]} Qxd8
{[%clk 0:00:22]} 30. Qf4 {[%clk 0:00:10]} Kg7 {[%clk 0:00:21]} 31. Kh2
{[%clk 0:00:10]} Qd4 {[%clk 0:00:18]} 32. b3 {[%clk 0:00:07]} Qe5
{[%clk 0:00:17]} 33. Qg4+ {[%clk 0:00:08]} Kf8 {[%clk 0:00:18]} 34. Kg1
{[%clk 0:00:05]} a5 {[%clk 0:00:18]} 35. Kh2 {[%clk 0:00:06]} b5 {[%clk 0:00:18]}
36. Qe2 {[%clk 0:00:07]} b4 {[%clk 0:00:18]} 37. Qe3 {[%clk 0:00:08]} Kg7
{[%clk 0:00:19]} 38. Qd3 {[%clk 0:00:08]} Bc6 {[%clk 0:00:19]} 39. Qe3
{[%clk 0:00:08]} Bb7 {[%clk 0:00:17]} 40. Qd3 {[%clk 0:00:07]} Bc6
{[%clk 0:00:17]} 41. Qc2 {[%clk 0:00:08]} Qc3 {[%clk 0:00:16]} 42. Qe2
{[%clk 0:00:10]} Qe5 {[%clk 0:00:16]} 43. Qg4+ {[%clk 0:00:09]} Kf8
{[%clk 0:00:18]} 44. Qe2 {[%clk 0:00:09]} Kg7 {[%clk 0:00:19]} 45. Qc4
{[%clk 0:00:08]} Bb7 {[%clk 0:00:19]} 46. Qd3 {[%clk 0:00:07]} Bc6
{[%clk 0:00:20]} 47. Qc2 {[%clk 0:00:08]} Bb5 {[%clk 0:00:20]} 48. Qd2
{[%clk 0:00:08]} Qc3 {[%clk 0:00:18]} 49. Qd8 {[%clk 0:00:07]} Qd2
{[%clk 0:00:16]} 50. Qxd2 {[%clk 0:00:07]} 1-0

[Event "Blitz 2018"]
[Site "Saint-Petersburg"]
[Date "2018.12.30"]
[Round "13"]
[Board "23"]
[White "Zubov Alexander (UKR)"]
[Black "Christiansen Johan-Sebastian (NOR)"]
[Result "1-0"]
[LiveChessVersion "1.4.8"]
[BlackElo "2635"]
[WhiteElo "2729"]

1. d4 {[%clk 0:03:03]} Nf6 {[%clk 0:03:03]} 2. Nf3 {[%clk 0:03:02]} d5
{[%clk 0:03:05]} 3. c4 {[%clk 0:03:02]} dxc4 {[%clk 0:03:06]} 4. e3
{[%clk 0:03:00]} b5 {[%clk 0:03:07]} 5. a4 {[%clk 0:02:54]} b4 {[%clk 0:03:08]}
6. Bxc4 {[%clk 0:02:53]} e6 {[%clk 0:03:09]} 7. O-O {[%clk 0:02:44]} Be7
{[%clk 0:03:11]} 8. Nbd2 {[%clk 0:02:27]} Bb7 {[%clk 0:03:12]} 9. Nb3
{[%clk 0:02:18]} a5 {[%clk 0:03:11]} 10. Bb5+ {[%clk 0:02:08]} c6
{[%clk 0:03:05]} 11. Bd3 {[%clk 0:02:08]} Nbd7 {[%clk 0:03:02]} 12. e4
{[%clk 0:02:08]} O-O {[%clk 0:02:38]} 13. e5 {[%clk 0:01:45]} Nd5
{[%clk 0:02:39]} 14. Qc2 {[%clk 0:01:44]} h6 {[%clk 0:02:40]} 15. Qe2
{[%clk 0:01:44]} Re8 {[%clk 0:02:07]} 16. Qe4 {[%clk 0:01:41]} Nf8
{[%clk 0:02:08]} 17. Qg4 {[%clk 0:01:32]} Kh8 {[%clk 0:01:44]} 18. Rd1
{[%clk 0:01:26]} Qb6 {[%clk 0:01:02]} 19. Nfd2 {[%clk 0:01:18]} Ba6
{[%clk 0:00:39]} 20. Nc4 {[%clk 0:01:18]} Qc7 {[%clk 0:00:31]} 21. Bd2
{[%clk 0:01:15]} Nb6 {[%clk 0:00:28]} 22. Nbxa5 Rad8 23. Be3 {[%clk 0:00:52]} Nd5
{[%clk 0:00:28]} 24. Nb3 {[%clk 0:00:53]} Nxe3 {[%clk 0:00:26]} 25. fxe3
{[%clk 0:00:53]} c5 {[%clk 0:00:28]} 26. Rac1 {[%clk 0:00:52]} Qa7
{[%clk 0:00:21]} 27. a5 {[%clk 0:00:50]} cxd4 {[%clk 0:00:21]} 28. exd4
{[%clk 0:00:51]} Bxc4 {[%clk 0:00:19]} 29. Rxc4 {[%clk 0:00:51]} Nd7
{[%clk 0:00:19]} 30. Kh1 {[%clk 0:00:47]} Rc8 {[%clk 0:00:17]} 31. Qe4
{[%clk 0:00:43]} Nf8 {[%clk 0:00:19]} 32. Rdc1 {[%clk 0:00:43]} Rxc4
{[%clk 0:00:18]} 33. Rxc4 {[%clk 0:00:44]} Rd8 {[%clk 0:00:20]} 34. h3
{[%clk 0:00:43]} Ng6 {[%clk 0:00:20]} 35. Qe3 {[%clk 0:00:40]} Bg5
{[%clk 0:00:21]} 36. Qe4 {[%clk 0:00:41]} Kg8 {[%clk 0:00:10]} 37. Rc2
{[%clk 0:00:39]} Qd7 {[%clk 0:00:10]} 38. a6 {[%clk 0:00:36]} Qa4
{[%clk 0:00:11]} 39. Bc4 {[%clk 0:00:37]} Nf4 {[%clk 0:00:09]} 40. h4
{[%clk 0:00:34]} Nh5 {[%clk 0:00:10]} 41. Qg4 {[%clk 0:00:34]} Qa2
{[%clk 0:00:09]} 42. hxg5 {[%clk 0:00:32]} Qb1+ {[%clk 0:00:09]} 43. Rc1
{[%clk 0:00:33]} Qg6 {[%clk 0:00:08]} 44. Be2 {[%clk 0:00:32]} hxg5
{[%clk 0:00:04]} 45. Qxh5 {[%clk 0:00:33]} Qe4 {[%clk 0:00:05]} 46. Qf3
{[%clk 0:00:33]} Qh7+ {[%clk 0:00:06]} 47. Kg1 {[%clk 0:00:33]} g4
{[%clk 0:00:04]} 48. Qxg4 {[%clk 0:00:32]} Qh6 {[%clk 0:00:05]} 49. Qe4
{[%clk 0:00:32]} Rd7 {[%clk 0:00:03]} 50. Rc8+ {[%clk 0:00:31]} 1-0

[Event "Blitz 2018"]
[Site "Saint-Petersburg"]
[Date "2018.12.30"]
[Round "13"]
[Board "24"]
[White "Yudin Sergei (RUS)"]
[Black "Petrosian Tigran L. (ARM)"]
[Result "1-0"]
[LiveChessVersion "1.4.8"]
[BlackElo "2700"]
[WhiteElo "2533"]

1. e4 {[%clk 0:03:02]} d6 {[%clk 0:03:02]} 2. d4 {[%clk 0:03:02]} Nf6
{[%clk 0:03:03]} 3. Nc3 {[%clk 0:02:55]} c6 {[%clk 0:03:05]} 4. f4
{[%clk 0:02:45]} Qa5 {[%clk 0:03:06]} 5. e5 {[%clk 0:02:45]} Ne4 {[%clk 0:02:57]}
6. Qf3 {[%clk 0:02:46]} Nxc3 {[%clk 0:02:34]} 7. Bd2 {[%clk 0:02:35]} Bf5
{[%clk 0:02:28]} 8. Bd3 {[%clk 0:02:28]} Bxd3 {[%clk 0:02:19]} 9. cxd3
{[%clk 0:02:29]} Qd5 {[%clk 0:01:56]} 10. bxc3 {[%clk 0:02:27]} Qxf3
{[%clk 0:01:57]} 11. Nxf3 {[%clk 0:02:27]} e6 {[%clk 0:01:42]} 12. Ke2
{[%clk 0:02:27]} Na6 {[%clk 0:01:31]} 13. Rab1 {[%clk 0:02:16]} O-O-O
{[%clk 0:01:30]} 14. a4 {[%clk 0:01:56]} Be7 {[%clk 0:01:22]} 15. Be3
{[%clk 0:01:38]} f6 {[%clk 0:01:13]} 16. Rhf1 {[%clk 0:01:29]} Rhf8
{[%clk 0:01:14]} 17. Nd2 {[%clk 0:01:21]} Nc7 {[%clk 0:00:37]} 18. Nc4
{[%clk 0:01:18]} Nd5 {[%clk 0:00:34]} 19. Bd2 {[%clk 0:01:19]} dxe5
{[%clk 0:00:32]} 20. dxe5 {[%clk 0:01:10]} fxe5 {[%clk 0:00:32]} 21. Nxe5
{[%clk 0:01:01]} Bf6 {[%clk 0:00:30]} 22. c4 {[%clk 0:01:00]} Ne7
{[%clk 0:00:31]} 23. Be3 {[%clk 0:00:59]} a6 {[%clk 0:00:22]} 24. Bb6
{[%clk 0:00:58]} Rde8 {[%clk 0:00:24]} 25. Bc5 {[%clk 0:00:56]} Rg8
{[%clk 0:00:09]} 26. Rb3 {[%clk 0:00:42]} Bxe5 {[%clk 0:00:06]} 27. fxe5
{[%clk 0:00:43]} b5 {[%clk 0:00:04]} 28. axb5 {[%clk 0:00:42]} axb5
{[%clk 0:00:05]} 29. Ra1 {[%clk 0:00:40]} Ng6 {[%clk 0:00:04]} 30. Bd6
{[%clk 0:00:38]} Kb7 {[%clk 0:00:04]} 31. cxb5 {[%clk 0:00:38]} Ra8
{[%clk 0:00:05]} 32. bxc6+ {[%clk 0:00:36]} Kxc6 {[%clk 0:00:06]} 33. Rc1+
{[%clk 0:00:37]} Kd7 {[%clk 0:00:06]} 34. Rb7+ {[%clk 0:00:38]} Kd8
{[%clk 0:00:07]} 35. Rcc7 {[%clk 0:00:34]} Nf4+ {[%clk 0:00:06]} 36. Kf3
{[%clk 0:00:31]} Nxd3 {[%clk 0:00:06]} 37. Rd7+ {[%clk 0:00:25]} Ke8
{[%clk 0:00:07]} 38. Re7+ Kd8 39. Rf7 {[%clk 0:00:20]} h5 {[%clk 0:00:07]} 40. h4
{[%clk 0:00:20]} Ne1+ {[%clk 0:00:06]} 41. Kf2 {[%clk 0:00:20]} Nd3+
{[%clk 0:00:07]} 42. Kg3 {[%clk 0:00:21]} Nc1 {[%clk 0:00:07]} 43. Be7+
{[%clk 0:00:20]} Kc8 {[%clk 0:00:08]} 44. Bg5 {[%clk 0:00:21]} Ne2+
{[%clk 0:00:09]} 45. Kf2 {[%clk 0:00:22]} Rf8 {[%clk 0:00:06]} 46. Rxf8+
{[%clk 0:00:21]} 1-0